000 00435nam a2200133Ia 4500
003 GCL
008 140319s9999 xx 000 0 ara d
040 _aGCL /
_cGCL
082 0 4 _a321.04
_bن ع
245 1 0 _aالعالم سنة 2000: التغيرات فى محاور القوة والثورة لعالم ما بعد النفط, ط1
260 _a[S.N] :
_bدار الشئون الثقافية ،
_c1987
300 _a146 ص
490 _a
999 _c35561
_d35561